000 00439 a2200169 4500
001 143326
040 _cLeonardo Da Vinci
041 _aPortuguês
082 _a895 T618s
_bT618s
100 _aTOMITA, Tsuneo
245 _aSanshiro Sugata
260 _bTopan-Press
_c2007
_aSão Paulo
300 _a639
362 _a20070000
697 _aLiteratura
_aPovo japonês
_aCultura japonesa
_aCostume oriental
_aJapão
_aFicção
942 _cBK
999 _c143326
_d143326